Statistics for Eminem - Infinite track list.

Click here to take the quiz!

General Stats

  • This quiz has been taken 12 times
  • The average score is 7 of 11

Answer Stats

Answer % Correct
Infinite
100%
Open Mic
75%
313
75%
WEGO
67%
Never 2 far
58%
Jealousy Woes II
58%
Searchin'
58%
Backstabber
50%
Maxine
50%
Tonite
50%
It's Okay
33%

Score Distribution

Percentile by Number Answered

Percent of People with Each Score

Your Score History

You have not taken this quiz